| 000 | 00904nam a22003251a 4500 | ||
|---|---|---|---|
| 999 |
_c980 _d980 |
||
| 001 | 019271440 | ||
| 003 | UkOxU | ||
| 005 | 20200218102105.0 | ||
| 008 | 110511s2011 enk j 000 f eng|d | ||
| 015 |
_aGBB159496 _2bnb |
||
| 016 | 7 |
_a015809316 _2Uk |
|
| 020 | _a9781444003215 (pbk.) : | ||
| 020 | _a1444003216 (pbk.) : | ||
| 035 | _a(Uk)015809316 | ||
| 040 |
_aStDuBDS _beng _cStDuBDS _dUk |
||
| 042 | _aukblsr | ||
| 082 | 0 | 4 |
_aFIC KES _222 |
| 100 | 1 |
_aKessler, Liz. _eauthor |
|
| 245 | 1 | 2 |
_aA year without Autumn / _cby Liz Kessler. |
| 260 |
_aLondon : _bOrion Children's, _c2011. |
||
| 300 |
_a1 v. ; _c20 cm. |
||
| 336 |
_atext _2rdacontent |
||
| 337 |
_aunmediated _2rdamedia |
||
| 338 |
_avolume _2rdacarrier |
||
| 500 |
_aFormerly CIP. _5Uk |
||
| 650 | 0 |
_aBest friends _vJuvenile fiction. |
|
| 650 | 0 |
_aTime travel _vJuvenile fiction. |
|
| 655 | 0 | _aChildren's stories. | |
| 942 |
_2ddc _cFIC |
||